UITU Library & LRC     

Elastic Analysis of Structure: classical and matrix methods (Record no. 3814)

MARC details
000 -LEADER
fixed length control field 00566nam a2200217Ia 4500
003 - CONTROL NUMBER IDENTIFIER
control field OSt
005 - DATE AND TIME OF LATEST TRANSACTION
control field 20241105075654.0
008 - FIXED-LENGTH DATA ELEMENTS--GENERAL INFORMATION
fixed length control field 240925s9999 xx 000 0 und d
020 ## - INTERNATIONAL STANDARD BOOK NUMBER
International Standard Book Number 60436344
040 ## - CATALOGING SOURCE
Transcribing agency AACR2
082 ## - DEWEY DECIMAL CLASSIFICATION NUMBER
Classification number 624.171 KEN
100 ## - MAIN ENTRY--PERSONAL NAME
Personal name Kennely ,Johan B.
245 #0 - TITLE STATEMENT
Title Elastic Analysis of Structure: classical and matrix methods
250 ## - EDITION STATEMENT
Edition statement NA
260 ## - PUBLICATION, DISTRIBUTION, ETC.
Place of publication, distribution, etc. New York:
Name of publisher, distributor, etc. Harpper and Row
Date of publication, distribution, etc. 1990.
300 ## - PHYSICAL DESCRIPTION
Extent xii,468p.
Other physical details NA
Type of unit Original
500 ## - GENERAL NOTE
General note Includes Index
600 ## - SUBJECT ADDED ENTRY--PERSONAL NAME
Personal name Electronic Engineering
650 ## - SUBJECT ADDED ENTRY--TOPICAL TERM
Topical term or geographic name entry element Technology
942 ## - ADDED ENTRY ELEMENTS (KOHA)
Koha item type Books
Source of classification or shelving scheme Dewey Decimal Classification
Holdings
Withdrawn status Lost status Damaged status Not for loan Collection Home library Current library Date acquired Source of acquisition Total checkouts Full call number Barcode Date last seen Price effective from Koha item type
        Electrical Engineering UITU Library UITU Library 09/19/1997 UIT Fruit Canada   624.171 KEN Q1315 09/25/2024 09/25/2024 Books

Powered by Koha